खेल ही खेल में / (Record no. 115632)

MARC details
000 -LEADER
fixed length control field 01149nam a22002777a 4500
003 - CONTROL NUMBER IDENTIFIER
control field dpl
005 - DATE AND TIME OF LATEST TRANSACTION
control field 20180711134304.0
008 - FIXED-LENGTH DATA ELEMENTS--GENERAL INFORMATION
fixed length control field 180711b xxu||||| |||| 00| 0 eng d
010 ## - LIBRARY OF CONGRESS CONTROL NUMBER
LC control number B-004970
020 ## - INTERNATIONAL STANDARD BOOK NUMBER
Terms of availability 60.00
International Standard Book Number 8187354046
035 ## - SYSTEM CONTROL NUMBER
System control number B-004970, B-004995
037 ## - SOURCE OF ACQUISITION
Source of stock number/acquisition Cen Lib/Ret
040 ## - CATALOGING SOURCE
Original cataloging agency DPL
Language of cataloging HN
Transcribing agency 0
082 ## - DEWEY DECIMAL CLASSIFICATION NUMBER
Classification number
Item number शर्माब
100 ## - MAIN ENTRY--PERSONAL NAME
Personal name शर्मा, बन्सी राम
9 (RLIN) 7767
245 ## - TITLE STATEMENT
Title खेल ही खेल में /
Statement of responsibility, etc बन्सी राम शर्मा
246 ## - VARYING FORM OF TITLE
Title proper/short title Khel hi khel me /
Remainder of title by Bansi Ram Sharma
260 ## - PUBLICATION, DISTRIBUTION, ETC. (IMPRINT)
Date of publication, distribution, etc 2000
Place of publication, distribution, etc दिल्ली
Name of publisher, distributor, etc कादम्बरी प्रकाशन
270 ## - ADDRESS
Address 5451, शिव मार्किट, न्यू चन्द्रावल, जवाहर नगर
City दिल्ली
Postal code 110007
300 ## - PHYSICAL DESCRIPTION
Extent 64पृ.
Dimensions 20सेमी (सजिल्द)
650 ## - SUBJECT ADDED ENTRY--TOPICAL TERM
Topical term or geographic name as entry element हिन्दी -- साहित्य
9 (RLIN) 62399
650 ## - SUBJECT ADDED ENTRY--TOPICAL TERM
Topical term or geographic name as entry element हिन्दी -- कहानियां
9 (RLIN) 62400
650 ## - SUBJECT ADDED ENTRY--TOPICAL TERM
Topical term or geographic name as entry element Hindi -- Literature
9 (RLIN) 62401
650 ## - SUBJECT ADDED ENTRY--TOPICAL TERM
Topical term or geographic name as entry element Hindi -- Stories
9 (RLIN) 62402
942 ## - ADDED ENTRY ELEMENTS (KOHA)
Source of classification or shelving scheme Dewey Decimal Classification
Koha item type Hindi Books
Classification part
Call number suffix शर्माब
Holdings
Withdrawn status Lost status Damaged status Not for loan Home library Current library Date acquired Source of acquisition Cost, normal purchase price Total Checkouts Full call number Barcode Date last seen Copy number Cost, replacement price Price effective from Koha item type Source of classification or shelving scheme Collection code
        Central Library Central Library 21/08/2015 Cen Lib/Ret 60.00   क शर्माब B-004970 21/08/2015 1 60.00 21/08/2015 Hindi Books    
        Shahdara Branch Shahdara Branch 11/07/2018 BPPD/PUB 60.00   क शर्माब B-004995 11/07/2018   60.00 11/07/2018 Hindi Books Dewey Decimal Classification Fiction

© Delhi Public Library
Hit Counter
free hit counter